| 000 | 00844nam a2200229Ia 4500 | ||
|---|---|---|---|
| 003 | GCL | ||
| 008 | 140319s9999 xx 000 0 ara d | ||
| 020 | _a1035064977 | ||
| 040 |
_aGCL / _cGCL |
||
| 082 | 0 | 4 |
_a621.3846 _bف ا |
| 100 | 1 | _aفاروق محمد العامرى | |
| 245 | 1 | 0 |
_aاجهزة الارسال والاستقبال اللاسلكية المتناهية فى الصغر = micro electronic wireless devices / _cفاروق محمد العامرى |
| 250 | _aالاولى | ||
| 260 |
_aالقاهرة : _bالدار المصرية اللبنانية ، _c1993 |
||
| 300 |
_a188 ص: _bايض ؛ _c24 سم |
||
| 490 | _a | ||
| 650 | 0 | 4 | _aاللاسلكى |
| 650 | 0 | 4 | _aالاتصالات |
| 650 | 0 | 4 | _aالموجات القصيرة |
| 650 | 0 | 4 | _aالاتصالات السلكية واللاسلكية |
| 942 |
_2ddc _cBK |
||
| 999 |
_c34249 _d34249 |
||